| 000 | 01317nam a22002535a 4500 | ||
|---|---|---|---|
| 003 | OSt | ||
| 005 | 20170319115232.0 | ||
| 008 | 170313s2014 ua frb 000 0 ara d | ||
| 015 | _a2014 / 7194 | ||
| 020 | _a9789770475263 | ||
| 040 |
_aEG-ScBUE _bara _cEG-ScBUE |
||
| 043 | _af-ua--- | ||
| 082 | 0 | 4 |
_a347.6209 _bع ب د _222 |
| 100 | 1 | _aعبد العظيم، عبد الحميد منصور. | |
| 245 | 1 | 2 |
_aالتحكيم في منازعات سوق المال : _bتعريف التحكيم - مزايا التحكيم وعيوبه - الطبيعة القانونية للتحكيم والقابلية للتحكيم - صياغة بنود اتفاق التحكيم - أهمية التحكيم في منازعات سوق المال - المحكم والمحامي في منازعات سوق المال / _cعبد الحميد منصور عبد العظيم. |
| 260 |
_aالقاهرة : _bدار النهضة العربية، _c2014. |
||
| 300 |
_a172 ص. ؛ _c24 سم. |
||
| 504 | _aيشتمل على إرجاعات ببليوجرافية. | ||
| 650 | 7 |
_aالتحكيم التجاري _zمصر. _2BUEsh |
|
| 650 | 7 |
_aالأوراق المالية _xقوانين وتشريعات _zمصر. _2BUEsh |
|
| 650 | 7 |
_aالبورصات _xقوانين وتشريعات _zمصر. |
|
| 653 |
_bLLAAWW _cMarch2017 |
||
| 942 | _2ddc | ||
| 999 |
_c24469 _d24441 |
||